| 000 | 01102cam a2200361 a 4500 | ||
|---|---|---|---|
| 001 | 6883 | ||
| 003 | FISKH | ||
| 005 | 20250604114820.0 | ||
| 008 | 960131s1997 nyua j 000 1 eng | ||
| 010 | _a 96003365 | ||
| 020 | _a0590847821 (hardcover) | ||
| 020 | _a059084783X (pbk.) | ||
| 020 | _a9780590847834 | ||
| 040 |
_aDLC _cDLC _dDLC _beng |
||
| 050 | _aPZ7.R982 P | ||
| 082 | _a813.54 | ||
| 100 | 1 | _aRylant, Cynthia. | |
| 245 | 1 | 0 |
_aPoppleton / _cCynthia Rylant ; illustrated by Mark Teague. |
| 260 |
_aNew York : _bBlue Sky Press, _c1997. |
||
| 300 |
_a52 pages : _bcolor illustrations ; _c23 cm |
||
| 500 | _a"Book one" | ||
| 505 | _aJ | ||
| 520 | _aPoppleton the pig makes a friend, reads a library book about adventure, and helps a sick friend get better. | ||
| 521 | 8 |
_a460
_bLexile |
|
| 521 | 8 |
_aJ
_bRaz-Plus |
|
| 650 | 1 |
_aPigs _xFiction. |
|
| 650 | 1 |
_aFriendship _xFiction. |
|
| 650 | 1 |
_aBooks and reading _xFiction. |
|
| 700 | 1 |
_aTeague, Mark, _eillustrator |
|
| 906 |
_a7 _bcbc _corignew _d1 _eocip _f19 _gy-gencatlg |
||
| 942 |
_2ddc _cBK _n0 |
||
| 999 |
_c6883 _d6883 |
||